MARC details
| 000 -LEADER |
| fixed length control field |
02131cam a2200553 a 4500 |
| 001 - CONTROL NUMBER |
| control field |
ocm22911517 |
| 003 - CONTROL NUMBER IDENTIFIER |
| control field |
OCoLC |
| 005 - DATE AND TIME OF LATEST TRANSACTION |
| control field |
20180606202730.0 |
| 008 - FIXED-LENGTH DATA ELEMENTS--GENERAL INFORMATION |
| fixed length control field |
901128s1991 nyua j 000 0bspa |
| 010 ## - LIBRARY OF CONGRESS CONTROL NUMBER |
| LC control number |
90025923 |
| 020 ## - INTERNATIONAL STANDARD BOOK NUMBER |
| International Standard Book Number |
0679819878 (trade) |
| 020 ## - INTERNATIONAL STANDARD BOOK NUMBER |
| International Standard Book Number |
9780679819875 (trade) |
| 020 ## - INTERNATIONAL STANDARD BOOK NUMBER |
| International Standard Book Number |
0679919872 (lib. bdg.) |
| 020 ## - INTERNATIONAL STANDARD BOOK NUMBER |
| International Standard Book Number |
9780679919872 (lib. bdg.) |
| 020 ## - INTERNATIONAL STANDARD BOOK NUMBER |
| International Standard Book Number |
067985617X |
| 020 ## - INTERNATIONAL STANDARD BOOK NUMBER |
| International Standard Book Number |
9780679856177 |
| 020 ## - INTERNATIONAL STANDARD BOOK NUMBER |
| International Standard Book Number |
0590471384 (pbk.) |
| 020 ## - INTERNATIONAL STANDARD BOOK NUMBER |
| International Standard Book Number |
9780590471381 (pbk.) |
| 024 ## - OTHER STANDARD IDENTIFIER |
| Standard number or code |
090129819874 |
| 035 ## - SYSTEM CONTROL NUMBER |
| System control number |
(OCoLC)22911517 |
| Canceled/invalid control number |
(OCoLC)334247892 |
| -- |
(OCoLC)429374445 |
| 040 ## - CATALOGING SOURCE |
| Original cataloging agency |
DLC |
| Transcribing agency |
DLC |
| Modifying agency |
BAKER |
| -- |
BTCTA |
| -- |
YDXCP |
| -- |
XY4 |
| -- |
AZU |
| -- |
KYL |
| -- |
QT5 |
| -- |
BDX |
| 041 0# - LANGUAGE CODE |
| Language code of text/sound track or separate title |
engspa |
| 042 ## - AUTHENTICATION CODE |
| Authentication code |
lcac |
| 043 ## - GEOGRAPHIC AREA CODE |
| Geographic area code |
n-mx--- |
| 049 ## - LOCAL HOLDINGS (OCLC) |
| Holding library |
ORXA |
| 050 00 - LIBRARY OF CONGRESS CALL NUMBER |
| Classification number |
ND259.R5 |
| Item number |
W48 1991 |
| 082 00 - DEWEY DECIMAL CLASSIFICATION NUMBER |
| Classification number |
759.972 |
| -- |
92 |
| Edition number |
20 |
| 092 ## - LOCALLY ASSIGNED DEWEY CALL NUMBER (OCLC) |
| Filing suffix |
SPANISH j |
| Classification number |
759.972 RIVERA 1991 |
| 100 1# - MAIN ENTRY--PERSONAL NAME |
| Personal name |
Winter, Jonah, |
| Dates associated with a name |
1962- |
| 245 10 - TITLE STATEMENT |
| Title |
Diego / |
| Statement of responsibility, etc. |
[illustrations] by Jeanette Winter ; text by Jonah Winter ; translated from the English by Amy Prince. |
| 260 ## - PUBLICATION, DISTRIBUTION, ETC. (IMPRINT) |
| Place of publication, distribution, etc. |
New York : |
| Name of publisher, distributor, etc. |
Knopf : |
| -- |
Distributed by Random House, |
| Date of publication, distribution, etc. |
c1991. |
| 300 ## - PHYSICAL DESCRIPTION |
| Extent |
1 v. (unpaged) : |
| Other physical details |
col. ill. ; |
| Dimensions |
24 cm. |
| 490 1# - SERIES STATEMENT |
| Series statement |
New York Times Best Illustrated Children's Book Award. |
| 500 ## - GENERAL NOTE |
| General note |
"In English and Spanish." |
| 520 ## - SUMMARY, ETC. |
| Summary, etc. |
Discusses the childhood of Diego Rivera and how it influenced his art. |
| 546 ## - LANGUAGE NOTE |
| Language note |
"In English and Spanish." |
| 600 10 - SUBJECT ADDED ENTRY--PERSONAL NAME |
| Personal name |
Rivera, Diego, |
| Dates associated with a name |
1886-1957 |
| General subdivision |
Childhood and youth |
| Form subdivision |
Juvenile literature. |
| 600 11 - SUBJECT ADDED ENTRY--PERSONAL NAME |
| Personal name |
Rivera, Diego, |
| Dates associated with a name |
1886-1957 |
| General subdivision |
Childhood and youth. |
| 650 #0 - SUBJECT ADDED ENTRY--TOPICAL TERM |
| Topical term or geographic name as entry element |
Painters |
| Geographic subdivision |
Mexico |
| Form subdivision |
Biography |
| -- |
Juvenile literature. |
| 650 #0 - SUBJECT ADDED ENTRY--TOPICAL TERM |
| Topical term or geographic name as entry element |
Artists |
| Form subdivision |
Juvenile literature. |
| 650 #0 - SUBJECT ADDED ENTRY--TOPICAL TERM |
| Topical term or geographic name as entry element |
Painting, Modern |
| Geographic subdivision |
Mexico |
| Form subdivision |
Juvenile literature. |
| 650 #0 - SUBJECT ADDED ENTRY--TOPICAL TERM |
| Topical term or geographic name as entry element |
Art appreciation |
| Form subdivision |
Juvenile literature. |
| 655 #0 - INDEX TERM--GENRE/FORM |
| Genre/form data or focus term |
Bilingual books. |
| 690 ## - LOCAL SUBJECT ADDED ENTRY--TOPICAL TERM (OCLC, RLIN) |
| Topical term or geographic name as entry element |
Spanish language edition |
| Form subdivision |
Juvenile nonfiction. |
| 700 1# - ADDED ENTRY--PERSONAL NAME |
| Personal name |
Winter, Jeanette. |
| 776 08 - ADDITIONAL PHYSICAL FORM ENTRY |
| Relationship information |
Online version: |
| Main entry heading |
Winter, Jonah, 1962- |
| Title |
Diego. |
| Place, publisher, and date of publication |
New York : Knopf : Distributed by Random House, c1991 |
| Record control number |
(OCoLC)607913161. |
| 830 #0 - SERIES ADDED ENTRY--UNIFORM TITLE |
| Uniform title |
New York Times Best Illustrated Children's Book Award. |
| 942 ## - ADDED ENTRY ELEMENTS (KOHA) |
| Koha item type |
Libro/Book |